| 000 | 01294nam a2200337 a 4500 | ||
|---|---|---|---|
| 008 | 130729s2011 ag ||||| |||| 00| 0 spa d | ||
| 020 | _a9788415419624 | ||
| 041 | _aspa | ||
| 092 |
_c616.07 _l8 _sBRA |
||
| 100 | 1 |
_aBraun, Carie A. _92546 |
|
| 245 |
_aFisiopatología. _bUn enfoque clínico / _cCarie A. Braun |
||
| 250 | _a2a ed. | ||
| 260 |
_aBarcelona: _bLippincott; _c2011. |
||
| 300 | _a526 p. | ||
| 500 | _aBraun, C. A. y Anderson, C. M. (Col.). (2011). Fisiopatología. Un enfoque clínico. (2a ed.). Barcelona : Lippincott. | ||
| 653 | _aFisiopatologia | ||
| 653 | _aCelulas y tejidos, alteraciones | ||
| 653 | _aInflamacion y reparacion de tejidos | ||
| 653 | _aAlteraciones Inmunitarias | ||
| 653 | _aInfeccion | ||
| 653 | _aTrastornos geneticos y del desarrollo | ||
| 653 | _aProliferacion y diferenciacion celulares alteradas | ||
| 653 | _aAlteracion del equilibrio de liquidos, electrolitos y estado acidobasico | ||
| 653 | _aAlteracion de la transmision neuronal | ||
| 653 | _aFuncion sensitiva somatica y especial alterada | ||
| 653 | _aAlteraciones de la regulacion hormonal y metabolica | ||
| 653 | _aAlteracion de la funcion reproductiva | ||
| 653 | _aAlteracion de la ventilacion y difusion | ||
| 700 | 1 |
_aAnderson, Cindy M. _92548 |
|
| 942 |
_2ddc _cBK |
||
| 999 |
_c1593 _d1593 |
||